[Event "FRA Team Ch"]
[Site "EPINAL"]
[Date "2002.02.03"]
[Round "3.8"]
[White "Moret, Vincent"]
[Black "Claverie, Christophe"]
[Result "1-0"]
[WhiteElo "2184"]
[BlackElo "2363"]
[PlyCount "51"]
[EventDate "2002.02.??"]
[WhiteTeam "Vandoeuvre"]
[BlackTeam "Mulhouse"]

1. Nf3 g6 2. c4 Bg7 3. Nc3 c5 4. g3 Nc6 5. Bg2 Nf6 6. O-O O-O 7. d4 cxd4 8.
Nxd4 Nxd4 9. Qxd4 d6 10. Qd3 a6 11. Bd2 Rb8 12. Rac1 Nd7 13. b3 Nc5 14. Qe3 Bd7
15. Rfd1 b5 16. cxb5 axb5 17. Nd5 e6 18. Nb4 Qb6 19. Bc3 Bxc3 20. Rxc3 Rfc8 21.
Qf3 e5 22. Qf6 Be6 23. Nd5 Qd8 24. Qxd8+ Rxd8 25. Ne7+ Kf8 26. Nc6 1-0

[Event "FRA Team Ch"]
[Site "EPINAL"]
[Date "2002.02.03"]
[Round "3.9"]
[White "Muller, Anne"]
[Black "Klipper, Rebecca"]
[Result "1-0"]
[WhiteElo "2167"]
[BlackElo "2072"]
[PlyCount "115"]
[EventDate "2002.02.??"]
[WhiteTeam "Mulhouse"]
[BlackTeam "Vandoeuvre"]

1. e4 c5 2. Nf3 Nc6 3. d4 cxd4 4. Nxd4 g6 5. Nc3 Bg7 6. Nb3 a5 7. a4 Nf6 8. Be2
e6 9. Be3 d5 10. exd5 Nxd5 11. Nxd5 Qxd5 12. Qxd5 exd5 13. O-O-O Be6 14. Bf3
Rc8 15. c3 Ne7 16. Rhe1 b6 17. Nd4 Bxd4 18. Bxd4 O-O 19. Bxb6 Rc4 20. Bxa5 Rb8
21. Re3 Rxa4 22. Bb4 Nf5 23. Re5 d4 24. Ra5 Rxa5 25. Bxa5 Bb3 26. Re1 Rb5 27.
Bb4 Be6 28. Kc2 Nh4 29. Bc6 Rb6 30. Be4 dxc3 31. bxc3 Ra6 32. g3 Nf5 33. Kd3
Ra2 34. Bc5 Nh6 35. h4 Ng4 36. f3 Ne5+ 37. Kd4 Nd7 38. Bb4 Rd2+ 39. Ke3 Rg2 40.
Bd6 Nb6 41. Bc6 Ra2 42. Be5 Ra6 43. Bb5 Ra5 44. Rb1 Nd7 45. Bd4 Ra8 46. c4 Kf8
47. c5 Rc8 48. c6 Nb8 49. Rc1 Bd5 50. c7 Bb7 51. cxb8=Q Rxb8 52. Rc7 Bd5 53.
Bc4 Bxc4 54. Rxc4 Rb7 55. Bf6 Ke8 56. Re4+ Kf8 57. Rd4 Rb8 58. Rd8+ 1-0

[Event "FRA Team Ch"]
[Site "VANDOEUVRE"]
[Date "2002.??.??"]
[Round "4.2"]
[White "Kallai, Gabor"]
[Black "Gallagher, Joseph G"]
[Result "1/2-1/2"]
[WhiteElo "2549"]
[BlackElo "2503"]
[PlyCount "26"]
[EventDate "2002.03.??"]
[WhiteTeam "Strasbourg"]
[BlackTeam "Cannes"]

1. d4 Nf6 2. c4 g6 3. Nc3 Bg7 4. e4 d6 5. Be2 O-O 6. Bg5 Na6 7. Nf3 h6 8. Bh4
c6 9. O-O g5 10. Bg3 Nh5 11. Qd2 e6 12. Ne1 Nxg3 13. hxg3 c5 1/2-1/2

[Event "FRA Team Ch"]
[Site "VANDOEUVRE"]
[Date "2002.03.29"]
[Round "4.3"]
[White "Kazhgaleyev, Murtas"]
[Black "Mensch, Etienne"]
[Result "1-0"]
[WhiteElo "2561"]
[BlackElo "2380"]
[PlyCount "92"]
[EventDate "2002.03.??"]
[WhiteTeam "Cannes"]
[BlackTeam "Strasbourg"]

1. d4 Nf6 2. Bg5 d6 3. Bxf6 exf6 4. e3 g6 5. g3 h5 6. Bg2 Bg7 7. c4 f5 8. Nc3
O-O 9. Nge2 c5 10. O-O Nc6 11. Qd2 f4 12. Nxf4 cxd4 13. Nb5 dxe3 14. fxe3 Be5
15. Nd3 Bg7 16. Nf2 Be6 17. Nxd6 Qb6 18. Nfe4 Qxb2 19. Qxb2 Bxb2 20. Rab1 Bg7
21. Rxb7 Rab8 22. Rxb8 Rxb8 23. Nc5 Ne5 24. Nxe6 fxe6 25. c5 Rb2 26. c6 Rc2 27.
Be4 Rc5 28. Ne8 Nxc6 29. Bxg6 Bh6 30. e4 Be3+ 31. Kh1 Nd4 32. Rf7 Bg5 33. Bxh5
Nc2 34. Rxa7 Ne3 35. h4 Bd8 36. Rd7 Rc1+ 37. Kh2 Rc2+ 38. Kh3 Rc1 39. Kh2 Rc2+
40. Kg1 Rg2+ 41. Kh1 Rf2 42. Rxd8 Rf1+ 43. Kh2 Rf2+ 44. Kh3 Rf1 45. Nf6+ Kg7
46. Rg8+ Kxf6 1-0

[Event "FRA Team Ch"]
[Site "VANDOEUVRE"]
[Date "2002.??.??"]
[Round "4.4"]
[White "Roos, Daniel"]
[Black "Godena, Michele"]
[Result "1/2-1/2"]
[WhiteElo "2420"]
[BlackElo "2487"]
[PlyCount "57"]
[EventDate "2002.03.??"]
[WhiteTeam "Strasbourg"]
[BlackTeam "Cannes"]

1. Nf3 d5 2. g3 Nc6 3. Bg2 e5 4. d3 Nf6 5. O-O Be7 6. c3 O-O 7. Nbd2 e4 8. dxe4
dxe4 9. Nd4 Nxd4 10. cxd4 Bf5 11. Nc4 h6 12. Be3 Qd5 13. Qb3 a5 14. Nd2 Qxb3
15. Nxb3 a4 16. Nd2 Rfd8 17. Rac1 c6 18. Nc4 Nd5 19. Bd2 Bg6 20. a3 Bf5 21.
Rfd1 Bf8 22. h3 h5 23. Bg5 f6 24. Bd2 g6 25. Kh2 Kg7 26. e3 Rd7 27. Be1 g5 28.
Bf1 Bg6 29. Be2 1/2-1/2

[Event "FRA Team Ch"]
[Site "VANDOEUVRE"]
[Date "2002.??.??"]
[Round "4.5"]
[White "Chabanon, Jean-Luc"]
[Black "Szabolcsi, Janos"]
[Result "1-0"]
[WhiteElo "2348"]
[BlackElo "2429"]
[PlyCount "59"]
[EventDate "2002.03.??"]
[WhiteTeam "Cannes"]
[BlackTeam "Strasbourg"]

1. d4 f5 2. g3 Nf6 3. Bg2 g6 4. c4 Bg7 5. Nc3 O-O 6. Nf3 d6 7. O-O c6 8. b3 Qa5
9. Rb1 e5 10. b4 Qc7 11. c5 dxc5 12. bxc5 exd4 13. Bf4 Qf7 14. Nxd4 Rd8 15. Be5
Na6 16. Qc2 Nxc5 17. Rfd1 Re8 18. Bxf6 Bxf6 19. Ncb5 Qe7 20. Nxc6 bxc6 21. Bxc6
Bd7 22. Bxa8 Rxa8 23. Nc7 Ba4 24. Qc4+ Kg7 25. Nxa8 Bxd1 26. Rxd1 Ne6 27. e3
Be5 28. f4 Bf6 29. Qc6 Kh6 30. Qd7 1-0

[Event "FRA Team Ch"]
[Site "VANDOEUVRE"]
[Date "2002.??.??"]
[Round "4.6"]
[White "Roos, Jean-Luc"]
[Black "Anic, Darko"]
[Result "1/2-1/2"]
[WhiteElo "2302"]
[BlackElo "2457"]
[PlyCount "99"]
[EventDate "2002.03.??"]
[WhiteTeam "Strasbourg"]
[BlackTeam "Cannes"]

1. d4 Nf6 2. c4 c6 3. Nf3 d6 4. Nc3 Nbd7 5. g3 e5 6. Bg2 Be7 7. O-O O-O 8. Ne1
exd4 9. Qxd4 Re8 10. b3 Nc5 11. Bb2 Qa5 12. Qd1 Bf5 13. Nc2 Rad8 14. Qc1 Nce4
15. b4 Nxc3 16. Bxc3 Qa4 17. Ne3 Be4 18. Qb2 Bxg2 19. Kxg2 Rd7 20. Nf5 Bd8 21.
Rad1 c5 22. Kg1 Re6 23. e3 Qc6 24. bxc5 dxc5 25. Qb5 g6 26. Qxc6 Rxc6 27. Rxd7
Nxd7 28. Nh6+ Kf8 29. Rd1 Rc7 30. Ng4 Ke8 31. e4 Rc6 32. Ne3 Re6 33. Rb1 b6 34.
f3 f5 35. Nd5 fxe4 36. Re1 Ne5 37. Bxe5 Rxe5 38. fxe4 Kd7 39. Kg2 Ke6 40. Kf3
Bg5 41. Rd1 Kf7 42. Rd3 Bc1 43. Rc3 Bb2 44. Rb3 Bc1 45. Rb1 Bd2 46. Rb2 Bh6 47.
Rc2 Bg7 48. Rd2 Re8 49. Rd3 Rd8 50. Ke2 1/2-1/2

[Event "FRA Team Ch"]
[Site "VANDOEUVRE"]
[Date "2002.??.??"]
[Round "4.7"]
[White "Fontaine, Robert"]
[Black "Roos, Louis"]
[Result "1-0"]
[WhiteElo "2469"]
[BlackElo "2351"]
[PlyCount "77"]
[EventDate "2002.03.??"]
[WhiteTeam "Cannes"]
[BlackTeam "Strasbourg"]

1. e4 e5 2. Nf3 Nc6 3. Bb5 a6 4. Ba4 Nge7 5. O-O d6 6. c3 Bd7 7. d4 Ng6 8. c4
Nxd4 9. Bxd7+ Qxd7 10. Nxd4 exd4 11. Qxd4 Be7 12. Nc3 Bf6 13. Qe3 O-O 14. Nd5
Bd8 15. b3 f5 16. exf5 Rxf5 17. Qh3 Qf7 18. Ne3 Bf6 19. Rb1 Ra5 20. a4 Nf4 21.
Qf3 Bd4 22. Nc2 Be5 23. Bd2 Rc5 24. Be3 Ra5 25. g3 Qg6 26. Bxf4 Bxf4 27. Nb4
Rf8 28. Qxb7 Rh5 29. Qg2 Be5 30. Nd5 Qf7 31. Rbd1 c6 32. Ne3 Qb7 33. Rd3 Qb6
34. Qe4 Rg5 35. f4 Rgf5 36. c5 Qxc5 37. Qc4+ Qxc4 38. bxc4 Bb2 39. Rb1 1-0

[Event "FRA Team Ch"]
[Site "VANDOEUVRE"]
[Date "2002.03.29"]
[Round "4.9"]
[White "Leconte, Maria"]
[Black "Roos, Louise"]
[Result "1-0"]
[WhiteElo "2308"]
[BlackElo "1720"]
[PlyCount "83"]
[EventDate "2002.03.??"]
[WhiteTeam "Cannes"]
[BlackTeam "Strasbourg"]

1. e4 c5 2. Nf3 d6 3. d4 cxd4 4. Nxd4 Nf6 5. Nc3 Nc6 6. Nb3 e6 7. g3 Be7 8. Bg2
O-O 9. O-O a6 10. a4 Qc7 11. a5 b6 12. axb6 Qxb6 13. Be3 Qc7 14. f4 Nd7 15. Na4
Rb8 16. Rf2 Rd8 17. Qf1 Nb4 18. Nd4 Nc5 19. Nxc5 dxc5 20. Nf3 a5 21. Ra3 c4 22.
Rc3 Ba6 23. Qa1 Nc6 24. f5 Bb4 25. fxe6 Bxc3 26. exf7+ Qxf7 27. bxc3 Qb7 28.
Bf1 Kh8 29. Ng5 Rf8 30. Bf4 Rbe8 31. Qa3 Rf6 32. e5 Rff8 33. e6 h6 34. Nf7+ Kg8
35. Bd6 Ne7 36. Qxa5 Nc6 37. Qh5 Ne7 38. Qg4 Kh7 39. Be5 Ng6 40. Bd6 Rg8 41.
Ng5+ Kh8 42. Qf5 1-0

[Event "FRA Team Ch"]
[Site "VANDOEUVRE"]
[Date "2002.??.??"]
[Round "4.1"]
[White "Van Wely, Loek"]
[Black "Philippe, Christophe"]
[Result "1-0"]
[WhiteElo "2697"]
[BlackElo "2325"]
[PlyCount "75"]
[EventDate "2002.03.??"]
[WhiteTeam "Clichy"]
[BlackTeam "Nancy"]

1. d4 f5 2. g3 Nf6 3. Bg2 g6 4. Nf3 Bg7 5. b4 O-O 6. Bb2 c6 7. c4 Na6 8. Qb3
Nc7 9. a4 Kh8 10. O-O a6 11. Nc3 d6 12. d5 e5 13. dxc6 bxc6 14. b5 axb5 15.
axb5 Rxa1 16. Rxa1 cxb5 17. cxb5 Be6 18. Qb4 Nfd5 19. Nxd5 Nxd5 20. Qa5 Nb6 21.
Nd2 e4 22. Bxg7+ Kxg7 23. Rc1 Bd5 24. Qc3+ Kg8 25. Qd4 Rf7 26. Bf1 Ra7 27. e3
Ra4 28. Nc4 Bxc4 29. Bxc4+ Rxc4 30. Rxc4 Nxc4 31. Qxc4+ Kg7 32. Qb4 Kh6 33. b6
Qa8 34. b7 Qb8 35. Qb5 g5 36. Qd7 f4 37. Qc8 Qa7 38. b8=Q 1-0

[Event "FRA Team Ch"]
[Site "VANDOEUVRE"]
[Date "2002.??.??"]
[Round "4.2"]
[White "Adrian, Claude"]
[Black "Tregubov, Pavel V"]
[Result "1-0"]
[WhiteElo "2329"]
[BlackElo "2626"]
[PlyCount "47"]
[EventDate "2002.03.??"]
[WhiteTeam "Nancy"]
[BlackTeam "Clichy"]

1. c4 c5 2. Nf3 Nc6 3. d4 cxd4 4. Nxd4 e5 5. Nc2 Bc5 6. Be3 Qe7 7. Nc3 Nf6 8.
g3 Nb4 9. Nxb4 Bxb4 10. Bg2 Bxc3+ 11. bxc3 d6 12. Rb1 O-O 13. O-O Rd8 14. Qd2
e4 15. Bg5 b6 16. Bxf6 gxf6 17. Rfd1 Ba6 18. Qf4 Rac8 19. Rd4 Bxc4 20. Bxe4 Rc5
21. Qh6 f5 22. Bxf5 f6 23. Rg4+ Kh8 24. Bxh7 1-0

[Event "FRA Team Ch"]
[Site "VANDOEUVRE"]
[Date "2002.??.??"]
[Round "4.3"]
[White "Degraeve, Jean-Marc"]
[Black "Nezar, Mustapha"]
[Result "1-0"]
[WhiteElo "2591"]
[BlackElo "2380"]
[PlyCount "91"]
[EventDate "2002.03.??"]
[WhiteTeam "Clichy"]
[BlackTeam "Nancy"]

1. e4 c5 2. Nc3 e6 3. Nf3 Nc6 4. d4 cxd4 5. Nxd4 d6 6. Be3 Nf6 7. Qd2 a6 8.
O-O-O Bd7 9. f3 b5 10. g4 h6 11. h4 Nxd4 12. Qxd4 Bc6 13. Bh3 Nd7 14. g5 e5 15.
Qd2 Nb6 16. Bxb6 Qxb6 17. g6 fxg6 18. Rhg1 g5 19. hxg5 hxg5 20. Bf5 Be7 21. Rh1
Rh6 22. Nd5 Qd8 23. Nxe7 Kxe7 24. Qxg5+ Kf8 25. Qd2 Rxh1 26. Rxh1 Qf6 27. Qc3
Be8 28. Rh8+ Kf7 29. b3 Bc6 30. Rh1 Be8 31. Kb1 Kg8 32. Qd2 Rd8 33. Qh2 Kf8 34.
Qg1 g6 35. Bg4 a5 36. Qa7 a4 37. Be6 axb3 38. axb3 Qg7 39. Qb6 Ke7 40. Qc7+ Bd7
41. Rd1 Kxe6 42. Qxd6+ Kf7 43. Qxd7+ Rxd7 44. Rxd7+ Kf8 45. Rxg7 Kxg7 46. c4
1-0

[Event "FRA Team Ch"]
[Site "VANDOEUVRE"]
[Date "2002.04.29"]
[Round "4.4"]
[White "Spielmann, Alain"]
[Black "Conquest, Stuart"]
[Result "1-0"]
[WhiteElo "2307"]
[BlackElo "2596"]
[PlyCount "77"]
[EventDate "2002.03.??"]
[WhiteTeam "Nancy"]
[BlackTeam "Clichy"]

1. Nf3 g6 2. c4 Bg7 3. d4 d6 4. e4 Nd7 5. Be2 e5 6. Nc3 Ngf6 7. O-O O-O 8. Be3
h6 9. dxe5 dxe5 10. h3 Nh5 11. Qd2 Kh7 12. Rad1 c6 13. c5 Qe8 14. Rfe1 Rg8 15.
Bf1 Bf8 16. b4 Qe6 17. Qc2 g5 18. Nh2 Nf4 19. Ne2 a5 20. a3 Qg6 21. Ng3 h5 22.
Nf5 Nf6 23. Nf3 Nxe4 24. Qxe4 Bxf5 25. Qxe5 f6 26. Qb2 Nd5 27. Nd4 Kh8 28. Nxf5
Qxf5 29. Bd3 Qd7 30. Bd4 Bg7 31. Qc2 Nf4 32. Qc4 Nxd3 33. Qxd3 Qf7 34. Qf5 axb4
35. axb4 Rad8 36. Bc3 Rge8 37. Rxe8+ Qxe8 38. Rd6 Qf8 39. Rxf6 1-0

[Event "FRA Team Ch"]
[Site "VANDOEUVRE"]
[Date "2002.??.??"]
[Round "4.5"]
[White "Relange, Eloi"]
[Black "Mourot, Clara"]
[Result "1-0"]
[WhiteElo "2491"]
[BlackElo "2100"]
[PlyCount "33"]
[EventDate "2002.03.??"]
[WhiteTeam "Clichy"]
[BlackTeam "Nancy"]

1. d4 c5 2. d5 Nf6 3. Nc3 g6 4. e4 d6 5. Be2 Bg7 6. Nf3 O-O 7. O-O Na6 8. Re1
Nc7 9. a4 b6 10. Bc4 Bb7 11. Bf4 a6 12. Qd3 Qd7 13. h3 Rfd8 14. Rad1 Rab8 15.
e5 dxe5 16. Nxe5 Qc8 17. Nxf7 1-0

[Event "FRA Team Ch"]
[Site "VANDOEUVRE"]
[Date "2002.??.??"]
[Round "4.7"]
[White "Hebden, Mark"]
[Black "Franc, Nathalie"]
[Result "1-0"]
[WhiteElo "2558"]
[BlackElo "2078"]
[PlyCount "51"]
[EventDate "2002.03.??"]
[WhiteTeam "Clichy"]
[BlackTeam "Nancy"]

1. d4 Nf6 2. Nf3 d5 3. c4 c6 4. e3 e6 5. Bd3 Bd6 6. b3 Nbd7 7. Bb2 O-O 8. Nbd2
Re8 9. Ne5 Bb4 10. O-O Nxe5 11. dxe5 Nd7 12. Rc1 Nc5 13. Bb1 Bxd2 14. Qxd2 b6
15. b4 Nd7 16. Rfd1 Bb7 17. e4 Nf8 18. Qe3 Qe7 19. c5 b5 20. f4 Nd7 21. Re1 f6
22. exd5 exd5 23. Qh3 Nf8 24. Qg3 Qf7 25. exf6 Rxe1+ 26. Rxe1 1-0

[Event "FRA Team Ch"]
[Site "VANDOEUVRE"]
[Date "2002.03.29"]
[Round "4.8"]
[White "Helstroffer, Arnaud"]
[Black "Verat, Laurent"]
[Result "1/2-1/2"]
[WhiteElo "2074"]
[BlackElo "2337"]
[PlyCount "59"]
[EventDate "2002.03.??"]
[WhiteTeam "Nancy"]
[BlackTeam "Clichy"]

1. e4 e5 2. f4 d5 3. exd5 c6 4. dxc6 Nxc6 5. Nc3 exf4 6. Nf3 Bd6 7. d4 Nge7 8.
Bc4 O-O 9. O-O Bg4 10. Ne4 Bc7 11. c3 Ng6 12. Qd2 Rc8 13. Nc5 Bb6 14. b4 Rc7
15. Qf2 Bxf3 16. gxf3 Re7 17. Bd2 Qc8 18. Rae1 Rfe8 19. Rxe7 Rxe7 20. Re1 Bd8
21. Rxe7 Bxe7 22. Qe2 b6 23. Ne4 Kf8 24. Bd5 f5 25. Qc4 fxe4 26. Bxe4 Nh4 27.
Qxc6 Qh3 28. Qa8+ Kf7 29. Qd5+ Kf8 30. Qa8+ 1/2-1/2

[Event "FRA Team Ch"]
[Site "VANDOEUVRE"]
[Date "2002.??.??"]
[Round "4.9"]
[White "Costagliola, Marina"]
[Black "Moutaux, Robert"]
[Result "1-0"]
[WhiteElo "2261"]
[BlackElo "1990"]
[PlyCount "81"]
[EventDate "2002.03.??"]
[WhiteTeam "Clichy"]
[BlackTeam "Nancy"]

1. e4 e6 2. Qe2 b6 3. Nc3 Bb7 4. f4 Nf6 5. Nf3 d5 6. e5 Nfd7 7. d4 Ba6 8. Qf2
Bxf1 9. Rxf1 Bb4 10. Bd2 Nc6 11. O-O-O Qe7 12. Qe2 a6 13. Qd3 Na5 14. f5 Bxc3
15. Qxc3 O-O-O 16. fxe6 fxe6 17. Bg5 Qe8 18. Bxd8 Qxd8 19. h4 h6 20. g3 Kb7 21.
Nd2 Qe7 22. Rf2 g5 23. Rdf1 Rh7 24. hxg5 hxg5 25. g4 Nc6 26. Nf3 Nd8 27. Qe3
Nf7 28. Rh2 Rg7 29. Ng1 c5 30. c3 c4 31. Qf3 a5 32. Ne2 Qe8 33. Ng3 Nh8 34. Nh5
Rh7 35. b3 cxb3 36. axb3 Ng6 37. Rhf2 Nh4 38. Qe3 Qe7 39. c4 dxc4 40. bxc4 Rh8
41. Rf7 1-0

[Event "FRA Team Ch"]
[Site "VANDOEUVRE"]
[Date "2002.??.??"]
[Round "4.1"]
[White "Lautier, Joel"]
[Black "Renet, Olivier"]
[Result "1-0"]
[WhiteElo "2687"]
[BlackElo "2494"]
[PlyCount "80"]
[EventDate "2002.03.??"]
[WhiteTeam "NAO Chess Club"]
[BlackTeam "Vandoeuvre"]

1. c4 e5 2. Nc3 Nc6 3. Nf3 d6 4. d4 Bg4 5. d5 Bxf3 6. exf3 Nd4 7. Be3 Nf5 8. c5
Nxe3 9. Qa4+ Ke7 10. fxe3 g6 11. c6 b6 12. Ba6 Bh6 13. f4 exf4 14. exf4 Kf8 15.
O-O Ne7 16. Bd3 Bg7 17. Qc4 a6 18. a4 Ng8 19. Rae1 h5 20. Re2 Nf6 21. Rfe1 h4
22. Be4 Kg8 23. Bf3 Kh7 24. Qd3 Re8 25. f5 Rxe2 26. fxg6+ fxg6 27. Rxe2 Ng8 28.
Re6 Qg5 29. Rxg6 Bd4+ 30. Kh1 Qe3 31. Qxe3 Bxe3 32. Rg4 Bf2 33. Ne4 Re8 34.
Ng5+ Kg6 35. Ne6+ Kf6 36. Rf4+ Ke5 37. Re4+ Kf5 38. Bh5 Re7 39. Rf4+ Ke5 40.
Rxf2 Kxd5 1-0

[Event "FRA Team Ch"]
[Site "VANDOEUVRE"]
[Date "2002.??.??"]
[Round "4.2"]
[White "Paehtz, Elisabeth"]
[Black "Bacrot, Etienne"]
[Result "0-1"]
[WhiteElo "2383"]
[BlackElo "2649"]
[PlyCount "56"]
[EventDate "2002.03.??"]
[WhiteTeam "Vandoeuvre"]
[BlackTeam "NAO Chess Club"]

1. e4 c5 2. Nf3 Nc6 3. d4 cxd4 4. Nxd4 e6 5. Nc3 d6 6. Be3 Nf6 7. Be2 Be7 8. f4
O-O 9. Qd2 e5 10. Nf3 Ng4 11. f5 Nb4 12. O-O-O d5 13. f6 Bxf6 14. Bc5 Be7 15.
Bxe7 Qxe7 16. exd5 Bf5 17. Bd3 Bxd3 18. cxd3 Qc5 19. Kb1 Nxd5 20. Ne4 Qb6 21.
h3 Nge3 22. Rc1 Rfe8 23. Nc5 Qb4 24. Qxb4 Nxb4 25. Rhe1 Nxg2 26. Re4 Nd5 27.
Nxb7 Ngf4 28. d4 Nd3 0-1

[Event "FRA Team Ch"]
[Site "VANDOEUVRE"]
[Date "2002.??.??"]
[Round "4.5"]
[White "Horvath, Jozsef"]
[Black "Soyez, Cyril"]
[Result "1-0"]
[WhiteElo "2537"]
[BlackElo "2073"]
[PlyCount "85"]
[EventDate "2002.03.??"]
[WhiteTeam "NAO Chess Club"]
[BlackTeam "Vandoeuvre"]

1. c4 c5 2. Nf3 g6 3. e4 Bg7 4. d4 cxd4 5. Nxd4 Nc6 6. Be3 Nf6 7. Nc3 O-O 8.
Be2 b6 9. O-O Bb7 10. f3 Rc8 11. Rc1 d6 12. Qd2 Qd7 13. Rfd1 Rfd8 14. Ndb5 Ne8
15. Nd5 Ba6 16. b3 Bxb5 17. cxb5 Nb8 18. a4 Nf6 19. Nb4 Rxc1 20. Rxc1 Rc8 21.
Rxc8+ Qxc8 22. Bc4 Qc7 23. a5 bxa5 24. Nd5 Nxd5 25. Qxd5 e6 26. Qa8 d5 27. exd5
Qe5 28. Kf2 exd5 29. Bxd5 Bf8 30. f4 Qc7 31. Qxa7 Qc2+ 32. Kg3 Qf5 33. Bc4 Bd6
34. Qd4 Qg5+ 35. Kf2 Qh4+ 36. Ke2 Be7 37. Qd5 Qf6 38. g3 Bb4 39. Kf2 Bc3 40. b6
Nc6 41. b7 Be5 42. Bb5 Nd4 43. Bxd4 1-0

[Event "FRA Team Ch"]
[Site "VANDOEUVRE"]
[Date "2002.??.??"]
[Round "4.6"]
[White "Mathieu, Romaric"]
[Black "Skripchenko-Lautier, Almira"]
[Result "0-1"]
[WhiteElo "2498"]
[BlackElo "2046"]
[PlyCount "24"]
[EventDate "2002.03.??"]
[WhiteTeam "Vandoeuvre"]
[BlackTeam "NAO Chess Club"]

1. d4 d5 2. Nf3 Nf6 3. Bg5 Ne4 4. Bh4 c5 5. e3 cxd4 6. exd4 Qb6 7. Qc1 g5 8.
Bg3 g4 9. Bxb8 Rxb8 10. Qf4 Nd6 11. Nbd2 gxf3 12. Rb1 Bf5 0-1

[Event "FRA Team Ch"]
[Site "VANDOEUVRE"]
[Date "2002.03.29"]
[Round "4.7"]
[White "Maze, Sebastien"]
[Black "Feller, Sebastien"]
[Result "1-0"]
[WhiteElo "2349"]
[BlackElo "2130"]
[PlyCount "83"]
[EventDate "2002.03.??"]
[WhiteTeam "NAO Chess Club"]
[BlackTeam "Vandoeuvre"]

1. e4 e6 2. Qe2 Ne7 3. Nf3 d5 4. d3 c5 5. g3 Nbc6 6. Bg2 b6 7. O-O Bb7 8. Re1
g6 9. e5 Bg7 10. Bf4 O-O 11. Nbd2 Rc8 12. Nf1 Nd4 13. Nxd4 cxd4 14. Rac1 Rc7
15. g4 Nc6 16. Qd2 b5 17. Ng3 a5 18. a3 Ba6 19. b3 Qe7 20. Ra1 Qc5 21. Ra2 Qc3
22. Qd1 Qc5 23. h4 Qe7 24. g5 Rfc8 25. Nf1 Bh8 26. Bg3 Qd7 27. Nh2 Ne7 28. Bf4
Nf5 29. h5 Rc5 30. Ng4 Qc6 31. Re2 b4 32. axb4 axb4 33. Nf6+ Bxf6 34. gxf6 Rc3
35. Rd2 h6 36. hxg6 fxg6 37. Bh3 g5 38. Bxf5 exf5 39. Qh5 Qd7 40. Qg6+ Kh8 41.
f7 R3c6 42. e6 1-0

[Event "FRA Team Ch"]
[Site "VANDOEUVRE"]
[Date "2002.??.??"]
[Round "4.8"]
[White "Hinzelin, Sandy"]
[Black "De Sousa, Jose-Claude"]
[Result "0-1"]
[WhiteElo "2024"]
[BlackElo "2274"]
[PlyCount "86"]
[EventDate "2002.03.??"]
[WhiteTeam "Vandoeuvre"]
[BlackTeam "NAO Chess Club"]

1. d4 Nf6 2. Nf3 d6 3. e3 Bg4 4. Bd3 Nbd7 5. Nbd2 e5 6. c3 Be7 7. O-O O-O 8. e4
c6 9. Qb3 Qc7 10. Re1 Nh5 11. Nc4 Bxf3 12. gxf3 b5 13. Ne3 Nf4 14. Bf1 Nf6 15.
Kh1 N6h5 16. Qc2 Qd7 17. Ng4 Qe6 18. Bg2 Bh4 19. Rg1 Kh8 20. Be3 f6 21. a3 g6
22. Bc1 Nxg2 23. Rxg2 Nf4 24. Rg1 h5 25. Ne3 Qh3 26. Ng2 Qxf3 27. Bxf4 exf4 28.
Rgf1 Rae8 29. Rae1 Kh7 30. Kg1 Bg5 31. Re2 h4 32. Rd2 Rxe4 33. Rd3 Qh5 34. Qd1
Qxd1 35. Rfxd1 Re2 36. R1d2 Rfe8 37. Rxe2 Rxe2 38. Rh3 Kg7 39. Nxh4 Bxh4 40.
Rxh4 g5 41. Rh3 Rxb2 42. Rd3 Rb3 43. Kf1 Rxa3 0-1

[Event "FRA Team Ch"]
[Site "VANDOEUVRE"]
[Date "2002.03.29"]
[Round "4.9"]
[White "Lopez, Jorge"]
[Black "Iglesias, Iannis"]
[Result "0-1"]
[WhiteElo "2262"]
[BlackElo "2050"]
[PlyCount "54"]
[EventDate "2002.03.??"]
[WhiteTeam "NAO Chess Club"]
[BlackTeam "Vandoeuvre"]

1. d4 Nf6 2. Nf3 g6 3. Bg5 Bg7 4. Nbd2 c5 5. Bxf6 Bxf6 6. Ne4 Bxd4 7. Nxd4 cxd4
8. Qxd4 O-O 9. O-O-O Nc6 10. Qd2 Qa5 11. Qh6 Qe5 12. Nc3 d6 13. e4 Be6 14. f4
Qg7 15. Qh4 Rfc8 16. g4 Nb4 17. a3 Rxc3 18. axb4 Rc7 19. Qf2 Bc4 20. Bxc4 Rxc4
21. Rhf1 Rxb4 22. e5 dxe5 23. Qe1 Rc4 24. Rf2 Qf6 25. fxe5 Qa6 26. Kb1 Ra4 27.
c3 Ra1+ 0-1

[Event "FRA Team Ch"]
[Site "VANDOEUVRE"]
[Date "2002.??.??"]
[Round "4.1"]
[White "Komarov, Dimitri"]
[Black "Sokolov, Andrei"]
[Result "1/2-1/2"]
[WhiteElo "2537"]
[BlackElo "2614"]
[PlyCount "31"]
[EventDate "2002.03.??"]
[WhiteTeam "Drancy"]
[BlackTeam "Mulhouse"]

1. d4 Nf6 2. c4 e6 3. Nf3 b6 4. g3 Ba6 5. b3 Bb4+ 6. Bd2 Be7 7. Bg2 O-O 8. O-O
d5 9. cxd5 Nxd5 10. Nc3 Nd7 11. Nxd5 exd5 12. Rc1 c5 13. Be3 Rc8 14. Re1 Bb7
15. Rc2 a5 16. Qc1 1/2-1/2

[Event "FRA Team Ch"]
[Site "VANDOEUVRE"]
[Date "2002.03.29"]
[Round "4.2"]
[White "Milov, Vadim"]
[Black "David, Alberto"]
[Result "1-0"]
[WhiteElo "2595"]
[BlackElo "2516"]
[PlyCount "81"]
[EventDate "2002.03.??"]
[WhiteTeam "Mulhouse"]
[BlackTeam "Drancy"]

1. d4 Nf6 2. c4 g6 3. Nc3 Bg7 4. e4 d6 5. Bg5 h6 6. Bh4 Nbd7 7. Bd3 a6 8. f4 g5
9. fxg5 hxg5 10. Bxg5 c5 11. d5 b5 12. Nf3 Ng4 13. Qd2 Nde5 14. Nxe5 Bxe5 15.
Bf4 Bxf4 16. Qxf4 Ne5 17. Be2 Bg4 18. O-O Bxe2 19. Nxe2 bxc4 20. Ng3 Kd7 21.
Rab1 Rb8 22. Qd2 Rh4 23. Qg5 Rg4 24. Qe3 Qa5 25. Ne2 Qa4 26. h3 Rg7 27. Qd2
Rbg8 28. Nf4 Rg3 29. Kh1 Qxa2 30. Ra1 c3 31. Qe2 Qc4 32. bxc3 Qxe2 33. Nxe2 Re3
34. Rxa6 Rb8 35. Ra7+ Ke8 36. Nf4 Rxe4 37. Nh5 Kf8 38. Ng3 Rc4 39. Nf5 Re8 40.
Rb1 Re4 41. Rxe7 1-0

[Event "FRA Team Ch"]
[Site "VANDOEUVRE"]
[Date "2002.??.??"]
[Round "4.3"]
[White "Legky, Nikolay A"]
[Black "Baklan, Vladimir"]
[Result "1/2-1/2"]
[WhiteElo "2485"]
[BlackElo "2609"]
[PlyCount "41"]
[EventDate "2002.03.??"]
[WhiteTeam "Drancy"]
[BlackTeam "Mulhouse"]

1. d4 e6 2. e4 d5 3. exd5 exd5 4. Nf3 Nf6 5. Bd3 Bd6 6. O-O O-O 7. Bg5 Bg4 8.
Nbd2 Nbd7 9. Re1 c6 10. c3 Qc7 11. Qc2 Bh5 12. Bh4 Bg6 13. Bxg6 hxg6 14. Bg3
Bxg3 15. hxg3 Rae8 16. Rad1 Rxe1+ 17. Rxe1 Re8 18. Qb1 Qb8 19. Kf1 Qa8 20.
Rxe8+ Qxe8 21. Ne1 {Illisible} 1/2-1/2

[Event "FRA Team Ch"]
[Site "VANDOEUVRE"]
[Date "2002.??.??"]
[Round "4.4"]
[White "Koch, Jean-Rene"]
[Black "Godard, Maxence"]
[Result "1-0"]
[WhiteElo "2498"]
[BlackElo "2383"]
[PlyCount "65"]
[EventDate "2002.03.??"]
[WhiteTeam "Mulhouse"]
[BlackTeam "Drancy"]

1. e4 c5 2. Nf3 e6 3. d3 Nc6 4. g3 d5 5. Nbd2 Nf6 6. Bg2 Be7 7. O-O a5 8. a4
O-O 9. Re1 b6 10. e5 Nd7 11. Nb1 Ba6 12. Na3 Na7 13. h4 Qc7 14. c4 Bb7 15. Bf4
Rae8 16. h5 Bd8 17. b3 Qb8 18. Ra2 Bc7 19. Rae2 d4 20. Nh2 Bxg2 21. Kxg2 f6 22.
exf6 Bxf4 23. fxg7 Rf7 24. Rxe6 Rxe6 25. Rxe6 Qb7+ 26. Kg1 Rxg7 27. Ng4 Nf8 28.
Re4 Bg5 29. f4 Be7 30. f5 Nd7 31. Qf3 Bf8 32. f6 Rg5 33. Nh6+ 1-0

[Event "FRA Team Ch"]
[Site "VANDOEUVRE"]
[Date "2002.??.??"]
[Round "4.5"]
[White "Giffard, Nicolas"]
[Black "Pelletier, Yannick"]
[Result "0-1"]
[WhiteElo "2303"]
[BlackElo "2549"]
[PlyCount "54"]
[EventDate "2002.03.??"]
[WhiteTeam "Drancy"]
[BlackTeam "Mulhouse"]

1. Nf3 c5 2. g3 b6 3. Bg2 Bb7 4. c4 Nf6 5. d3 d6 6. e4 g6 7. O-O Bg7 8. Nh4 Nc6
9. f4 O-O 10. f5 Nd7 11. Bh3 Nde5 12. Ng2 gxf5 13. Bxf5 e6 14. Bh3 f5 15. exf5
Nd4 16. Nh4 Bf6 17. Bg2 Qe7 18. Bxb7 Qxb7 19. Ng2 Nef3+ 20. Kh1 Be5 21. Nc3
Rxf5 22. Ne4 d5 23. cxd5 exd5 24. Nc3 Bxg3 25. Ne2 Rh5 26. h4 Qd7 27. Nef4 Qg4
0-1